Degradačné únavové procesy konštrukčných materiálov dopravných strojov a manipulačných zariadení

Bibliographic Details
Main Authors: Monoši, Mikuláš, 1955- (Author), Várkoly, Ladislav (Author)
Format: Book
Language:Slovak
PhysicalDescription:121 s. 24 cm
Published: V Žiline Žilinská univerzita 1999
ISBN:8088829364
Subjects:

MARC

LEADER 00000nam a2200000 a 4500
001 vtls001359836
003 SK-MaSNL
005 20260301115031.0
008 240314s1999 xo ap r yy 0 slo
015 |a SNBA1999/07-02468 
020 |a 8088829364 
035 |a SNK000313377 
035 |a urn:nbn:sk:snk-amkj86 
035 |a urn:nbn:sk:snk-am008hru 
035 |a B10798F8-29EF-4974-8696-985CE6371F6B 
040 |a SNK  |b slo  |c SNK  |e AACR2 
041 0 |a slo 
044 |a xo  |c SK 
080 |a 620.1  |2 1981 
100 1 |a Monoši, Mikuláš,  |d 1955-  |4 aut  |9 218659 
245 1 0 |a Degradačné únavové procesy konštrukčných materiálov dopravných strojov a manipulačných zariadení  |c Mikuláš Monoši, Ladislav Várkoly 
260 |a V Žiline  |b Žilinská univerzita  |c 1999 
300 |a 121 s.  |c 24 cm 
500 |a 150 výt. 
504 |a Bibliogr. odkazy. Skrat. 
650 0 7 |a únava materiálu  |2 SNKPH  |9 3739 
655 7 |a príručky  |2 SNK  |9 74364 
700 1 |a Várkoly, Ladislav  |4 aut  |9 284443 
752 |d Žilina 
919 |a 80-88829-36-4 
958 |a OND 
958 |a TL 
958 |a NB 
999 |c 720702  |d 722632 
952 |t P60, <03>, [BOOK], {603}  |a SNK  |b SNK  |y PREZ  |7 0  |p 17A0189316  |o snkSC 98315  |i snkKSP 3942/99  |0 0  |1 0  |4 0  |d 1999-04-12  |f 1  |l 0  |r 2025-09-18 00:00:00  |w 2026-02-23 
952 |t P60, <04>, [BOOK], {604}  |a SNK  |b SNK  |y VYP  |7 0  |p 17A0189317  |o snkSC 98315 D1  |i snkKSP 3943/99  |0 0  |1 0  |4 0  |d 1999-04-12  |l 0  |r 2005-01-02 00:00:00  |w 2026-02-23